Регионална библиотека "Любен Каравелов" - Русе

Бетховен (Запис номер 63655)

MARC детайли
000 -Лидер
Контролно поле с фиксирана дължина 01663nam a2200409 c 4500
003 - Код на организацията, давaща контролен номер
Контролно поле BLK
005 - Дата и час на последна редакция
Контролно поле 20180420223225.0
008 - Елементи от данни с фиксирана дължина
fixed length control field 180408b bul|||||r ||||||| ||bul||
010 ## - Наследен системен номер
LC control number KNG00067895000
040 ## - Източник на каталожния запис
Идентификатор на билиотеката - собственик на записа BLK
041 ## - Код за език
Код за езика на текст/звукозапис или на отделно заглавие Български
Код за езика КДБФ Български
080 ## - УДК
Текстов определител УДК Музиканти-творци, композитори
УДК код - определител по УДК 78.071.1
УДК определител (430)(092)
УДК - код + определител 78.071.1(430)(092)
080 ## - УДК
Текстов определител УДК Немски композитор
УДК код - определител по УДК 929 Бетовен, Лудвиг ван
УДК определител
УДК - код + определител 929 Бетовен, Лудвиг ван
100 1# - Редна дума - Автор
Автор Синявер, Леонид Семенович
Авторска отговорност първи автор
R(LIN) 120742
139 ## - Редно поле
Редна дума Синявер, Л.
Авторски знак Бет - Б 42
245 10 - Сведения за заглавието
Заглавие Бетховен
Подзаглавни данни Лекция
Редно поле (дума) Леонид Семенович Синявер; прев. от рус. Леонид Паспалеев.
257 ## - Страна на издаване
Страна на създаване/издаване Русия
260 ## - Област на издателските данни
-- София
Име на издателя, разпространителя и проч. Наука и изкуство
Година на издаване 1962
Печатница В. Търново : печ. Дим. Найденов
300 ## - Физическа характеристика
Страници 36 с.
Размери/Мащаб 17 см
380 ## - Жанр
Жанр Изкуство
490 1# - СЕРИИ (Колекции)
Име на серия В помощ на слушателя
500 ## - Общи забележки
Забележка Без сведение за ориг. загл. - 4 080 тир.
600 14 - Име на лице, използвано като предмет
За него / За нея Бетовен, Лудвиг ван
9 (RLIN) 38790
650 #4 - Допълнително описание по предмет – тема
Основно описание – тема или топоним Композитори, немски
9 (RLIN) 246096
650 #4 - Допълнително описание по предмет – тема
Основно описание – тема или топоним Бетовен, Лудвиг ван
9 (RLIN) 38790
653 ## - Ключова дума – ненормативна
Ключова дума Бетовен
653 ## - Ключова дума – ненормативна
Ключова дума Бетховен
653 ## - Ключова дума – ненормативна
Ключова дума немски композитори
653 ## - Ключова дума – ненормативна
Ключова дума биографии
653 ## - Ключова дума – ненормативна
Ключова дума Германия
700 1# - Други автори (авторска отговорност)
Лично име Паспалеев, Леонид
Автороска отговорност (Описва отношението между автора и произведението) прев. от рус.
9 (RLIN) 107113
852 ## - Местоположение
Форматна сигнатура Цб І 5209
856 4# - Електронен адрес и достъп
Електронен формат pdf - файл
Път до файла /url/
856 4# - Електронен адрес и достъп
Електронен формат pdf - файл
Път до файла /url/
942 ## - АРТИКУЛИ
Вид на библиотечния материал Книги
Скрит в OPAC Не
944 ## - СЪЗДАВАНЕ И РЕДАКЦИЯ на ЗАПИСА
Създаване/Редакция Създаване
Дата на регистрацията/редакция 24.08.2006
Служител, извършил регистрацията/редакцията Ирена_Линкова
944 ## - СЪЗДАВАНЕ И РЕДАКЦИЯ на ЗАПИСА
Създаване/Редакция Редакция
Дата на регистрацията/редакция 05.10.2012
Служител, извършил регистрацията/редакцията
999 ## - СИСТЕМНИ КОНТРОЛНИ НОМЕРА
Koha biblionumber 63655
Koha biblioitemnumber 63655
Наличности
Код за отписване Код за изгубен артикул Източник на класификационната схема Код за повреда Коз за рестрикции Код за отдаване Артикулен № Име на библиотеката - собственик Име на библиотеката, в която се намира в момента Статус (Текущо местоположение) Дата на вписване в системата Местоположение - отдел Цена в лева Инвентарен номер Систематично азбучна сигнатура Баркод Номер на екземпляра Цена в евро Служебна бележка Служебен тип на артикула
  Не е изгубен Universal Decimal Classification Не е повреден без рестрикции ползва се в читалня 105414 Регионална библиотека "Любен Каравелов" Русе Регионална библиотека "Любен Каравелов" Русе Хранилище 2006-08-24 Основен фонд - ползва се само за читалня 1.50 120000705001 Цб І 5209 120000705001 1 0.77 Дост: DA Вид: А N: 15 Дата: 24.08.2006 Книги
  Не е изгубен Universal Decimal Classification Не е повреден само за читалня ползва се в читалня 105415 Регионална библиотека "Любен Каравелов" Русе Регионална библиотека "Любен Каравелов" Русе Хранилище 1962-01-01 Хранилище 0.09 12793/62 Цб І 5209 900000031199 2 0.05 Дост: Dp Вид: Д N: стар фонд Дата: 01.01.1962 Книги
Изтеглен Не е изгубен Universal Decimal Classification Не е повреден без рестрикции заемане за дома 105416 Регионална библиотека "Любен Каравелов" Русе Регионална библиотека "Любен Каравелов" Русе Отдел Изкуство - подръчен фонд 1962-01-01 Отдел Изкуство - подръчен фонд 0.00 15971/63 ИП 78.071.1(092)/Б 42 15971/63 3 0.00 Дост: Pk Вид: Ф N: стар фонд Дата: 01.01.1962 Дата инв: 03.04.2017 Бележки инв: ИП2017 Книги
Изтеглен Не е изгубен   Не е повреден без рестрикции заемане за дома 105417 Регионална библиотека "Любен Каравелов" Русе Регионална библиотека "Любен Каравелов" Русе Отчислена 1962-01-01 Отдел Изкуство - подръчен фонд 0.00 15972/63 ИП 78.071.1(092)/Б 42 15972/63 4 0.00 Дост: Pk Вид: Ф N: стар фонд Дата: 01.01.1962 Книги
Изтеглен Не е изгубен   Не е повреден без рестрикции заемане за дома 105418 Регионална библиотека "Любен Каравелов" Русе Регионална библиотека "Любен Каравелов" Русе Отчислена 1962-01-01 Отдел Изкуство - подръчен фонд 0.00 15973/63 ИП 78.071.1(092)/Б 42 15973/63 5 0.00 Дост: Pk Вид: Ф N: стар фонд Дата: 01.01.1962 Книги
Изтеглен Не е изгубен Universal Decimal Classification Не е повреден без рестрикции заемане за дома 105419 Регионална библиотека "Любен Каравелов" Русе Регионална библиотека "Любен Каравелов" Русе Отдел Изкуство - подръчен фонд 1962-01-01 Отдел Изкуство - подръчен фонд 0.00 15974/63 ИП 78.071.1(092)/Б 42 15974/63 6 0.00 Дост: Pk Вид: Ф N: стар фонд Дата: 01.01.1962 Дата инв: 03.04.2017 Бележки инв: ИП2017 Книги
Vip Innovations Ltd, Rousse, Bulgaria 2025